000 00233nam a22000857a 4500
008 160914b xxu||||| |||| 00| 0 eng d
100 _9477
_aAnand.R. etal.
245 _aConnect With Grammer- 6
260 _aNew Delhi
_bTata Publications
_c2012
999 _c3134
_d3134